[Event "Godesberg - Tegernsee"]
[Site "BL 0203"]
[Date "2002.11.17"]
[Round "4.4"]
[White "Seger, Ruediger"]
[Black "Boensch, Uwe"]
[Result "1/2-1/2"]
[WhiteElo "2406"]
[BlackElo "2540"]
[PlyCount "96"]
[EventDate "2002.11.17"]

1. e4 c5 2. c3 d5 3. exd5 Qxd5 4. d4 Nf6 5. Nf3 Bg4 6. Be2 e6 7. h3 Bh5 8. O-O
Nc6 9. Be3 cxd4 10. Nxd4 Bxe2 11. Qxe2 Be7 12. Rd1 O-O 13. c4 Nxd4 14. Bxd4 Qc6
15. Nc3 Rfd8 16. b3 Rd7 17. Rd3 Rad8 18. Rad1 a6 19. a4 h6 20. Kf1 Nh7 21. Be3
Nf8 22. Qc2 f5 23. Ne2 Qe4 24. Nc1 Ng6 25. Qe2 Rxd3 26. Nxd3 Qc6 27. f3 Kh7 28.
Nf2 Rxd1+ 29. Qxd1 Qc7 30. Nd3 Bg5 31. Bg1 Qd6 32. Qe2 Nf4 33. Nxf4 Bxf4 34.
Be3 Bg3 35. Bf2 Bf4 36. Be3 Bg3 37. Bf2 Bf4 38. Be3 Be5 39. Kg1 Qa3 40. f4 Bf6
41. Qd3 Qa1+ 42. Kh2 Qe1 43. Bd4 Bh4 44. Qe3 Qd1 45. b4 Qf1 46. g3 Bf6 47. Bxf6
gxf6 48. Qxe6 Qf2+ 1/2-1/2

[Event "Godesberg - Tegernsee"]
[Site "BL 0203"]
[Date "2002.11.17"]
[Round "4.5"]
[White "Teske, Henrik"]
[Black "Jackelen, Thomas"]
[Result "0-1"]
[WhiteElo "2527"]
[BlackElo "2415"]
[PlyCount "50"]
[EventDate "2002.11.17"]

1. Nf3 Nf6 2. d4 d5 3. c4 c6 4. Nc3 a6 5. Qc2 b5 6. b3 g6 7. e3 Bf5 8. Bd3 Bxd3
9. Qxd3 Nbd7 10. O-O Bg7 11. Bd2 O-O 12. Rac1 dxc4 13. bxc4 e5 14. dxe5 Ng4 15.
e6 Nge5 16. Nxe5 Nxe5 17. Qe2 Nxc4 18. exf7+ Rxf7 19. Ne4 Re7 20. Rxc4 bxc4 21.
Qxc4+ Qd5 22. Qxd5+ cxd5 23. Nc5 Rc7 24. Bb4 a5 25. Ba3 Rac8 0-1

[Event "Godesberg - Tegernsee"]
[Site "BL 0203"]
[Date "2002.11.17"]
[Round "4.6"]
[White "Schmidt, Bodo"]
[Black "Hertneck, Gerald"]
[Result "0-1"]
[WhiteElo "2360"]
[BlackElo "2502"]
[PlyCount "112"]
[EventDate "2002.11.17"]

1. d4 Nf6 2. Nf3 g6 3. c4 Bg7 4. Nc3 O-O 5. e4 d6 6. Be2 e5 7. O-O Nc6 8. d5
Ne7 9. Ne1 Ne8 10. Nd3 f5 11. Bd2 Kh8 12. Qc2 fxe4 13. Nxe4 Bf5 14. f3 c6 15.
Qb3 Qb6+ 16. Qxb6 axb6 17. Nc3 b5 18. dxc6 bxc4 19. cxb7 Rb8 20. Nb4 Rxb7 21.
a3 Be6 22. g4 d5 23. Bg5 Bf6 24. Bh6 Rf7 25. Rad1 Ng8 26. Ncxd5 Nxh6 27. Nxf6
Nxf6 28. g5 Nf5 29. gxf6 Nd4 30. Rd2 Rxf6 31. Kg2 c3 32. bxc3 Nxe2 33. Rxe2 Bc4
34. Rfe1 Bxe2 35. Rxe2 Rb5 36. c4 Rc5 37. Nd3 Rxc4 38. Nxe5 Rc3 39. Rb2 Rc7 40.
Rb3 Kg7 41. Nd3 Ra7 42. Nb4 Rd6 43. Rc3 Rd1 44. Kg3 Ra1 45. Nd3 R1xa3 46. Rxa3
Rxa3 47. Nf2 g5 48. Ne4 Kg6 49. Kf2 h5 50. Ng3 Ra2+ 51. Ne2 Kf5 52. Ke3 g4 53.
Ng3+ Kg5 54. Ne4+ Kh4 55. fxg4 hxg4 56. Nf2 Rb2 0-1

[Event "Godesberg - Tegernsee"]
[Site "BL 0203"]
[Date "2002.11.17"]
[Round "4.7"]
[White "Stangl, Markus"]
[Black "Upleger, Martin"]
[Result "1-0"]
[WhiteElo "2494"]
[BlackElo "2268"]
[PlyCount "55"]
[EventDate "2002.11.17"]

1. c4 e6 2. g3 d5 3. Bg2 dxc4 4. Qa4+ c6 5. Qxc4 b5 6. Qb3 Bb7 7. Nc3 a6 8. a4
Nd7 9. Nf3 Ngf6 10. O-O Be7 11. d3 O-O 12. Be3 b4 13. Ne4 c5 14. Nfd2 Nd5 15.
Nc4 Nxe3 16. Nxe3 a5 17. Nd2 Bxg2 18. Kxg2 Nb6 19. Ndc4 Nxc4 20. Nxc4 Bf6 21.
f4 Qd5+ 22. Rf3 Qb7 23. e4 Bd4 24. f5 exf5 25. Rxf5 g6 26. Rf3 Kg7 27. Raf1 Qc6
28. Rxf7+ 1-0

[Event "Godesberg - Tegernsee"]
[Site "BL 0203"]
[Date "2002.11.17"]
[Round "4.8"]
[White "Philipowski, Robert"]
[Black "Kachiani-Gersinska, Ketino"]
[Result "1-0"]
[WhiteElo "2299"]
[BlackElo "2439"]
[PlyCount "149"]
[EventDate "2002.11.17"]

1. e4 c6 2. d3 d5 3. Nd2 g6 4. Ngf3 Bg7 5. g3 e5 6. b3 Ne7 7. Bb2 d4 8. Bg2 O-O
9. O-O c5 10. a4 Nbc6 11. Nc4 h6 12. Bc1 Be6 13. Ne1 a6 14. a5 Bxc4 15. dxc4
Nxa5 16. Nd3 b6 17. f4 f6 18. f5 g5 19. h4 Nac6 20. Kf2 Nb4 21. Bf3 Qd7 22.
hxg5 fxg5 23. Kg2 a5 24. Bd2 Qc6 25. Bxb4 cxb4 26. Qe2 b5 27. cxb5 Qxb5 28. Nb2
Qxe2+ 29. Bxe2 Bf6 30. Nc4 Nc6 31. g4 Kg7 32. Bd3 Ra7 33. Ra4 Bd8 34. Rh1 Rh8
35. Be2 Bc7 36. Rha1 Rha8 37. Nb2 Ne7 38. Bc4 Kf6 39. Rh1 Rh8 40. Be2 Kg7 41.
Bc4 Kf6 42. Be2 Bd8 43. Ra2 Rc7 44. Nc4 Rc5 45. Bd3 Bc7 46. Rha1 Nc6 47. Nb2
Nd8 48. Rh1 Nf7 49. Nc4 Nd8 50. Nb2 Rc6 51. Na4 Ke7 52. Bb5 Rf6 53. Nc5 Kd6 54.
Nd3 h5 55. Nxb4 Rfh6 56. Nd5 h4 57. Kh3 Nb7 58. b4 Ra8 59. c4 dxc3 60. Rd1 Rd8
61. bxa5 Nxa5 62. Rc2 Kc5 63. Bf1 Nc6 64. Rxc3+ Kd6 65. Bb5 Nd4 66. Rxd4 exd4
67. Rc6+ Ke5 68. Rxh6 Kxe4 69. Nxc7 d3 70. Re6+ Kf3 71. Ba4 d2 72. Bd1+ Kf4 73.
Re2 Rd3+ 74. Kh2 Rh3+ 75. Kxh3 1-0

[Event "Baden Oos - Emsdetten"]
[Site "BL 0203"]
[Date "2002.11.17"]
[Round "4.3"]
[White "Tiviakov, Sergei"]
[Black "Dautov, Rustem"]
[Result "1/2-1/2"]
[WhiteElo "2631"]
[BlackElo "2617"]
[PlyCount "36"]
[EventDate "2002.??.??"]

1. e4 c6 2. d4 d5 3. Nd2 dxe4 4. Nxe4 Bf5 5. Ng3 Bg6 6. Bc4 e6 7. N1e2 Nf6 8.
Nf4 Bd6 9. Bb3 Qc7 10. Qf3 a5 11. c3 a4 12. Nxg6 hxg6 13. Bc2 Nbd7 14. O-O O-O
15. Bg5 c5 16. dxc5 Qxc5 17. Rad1 Qxg5 18. Rxd6 Qb5 1/2-1/2

[Event "Baden Oos - Emsdetten"]
[Site "BL 0203"]
[Date "2002.11.17"]
[Round "4.5"]
[White "Pedersen, Nicolai Vesterbaek"]
[Black "Doettling, Fabian"]
[Result "1/2-1/2"]
[WhiteElo "2495"]
[BlackElo "2539"]
[PlyCount "139"]
[EventDate "2002.??.??"]

1. d4 d5 2. c4 e6 3. Nc3 Be7 4. cxd5 exd5 5. Bf4 c6 6. e3 Bf5 7. Nge2 Nd7 8.
Ng3 Bg6 9. Be2 Ngf6 10. h4 h5 11. Bf3 Qb6 12. Qe2 Kf8 13. a3 a5 14. O-O Re8 15.
Rfe1 Qd8 16. Rad1 Ng4 17. Bxg4 hxg4 18. h5 Bxh5 19. e4 Bh4 20. Nxh5 Rxh5 21. g3
Bg5 22. Qxg4 Nf6 23. Bxg5 Nxg4 24. Bxd8 Rxd8 25. exd5 cxd5 26. f3 Nh6 27. g4
Rg5 28. Kf2 f5 29. Re5 Nf7 30. Rxf5 Rxf5 31. gxf5 Nh6 32. Nb5 Nxf5 33. Rc1 Rd7
34. Rc8+ Kf7 35. Ra8 b6 36. Rb8 Nd6 37. Rxb6 Nc4 38. Ra6 Nxb2 39. Rxa5 Ke6 40.
Nc3 Nc4 41. Ra6+ Kf5 42. a4 Kg5 43. a5 Rb7 44. Nxd5 Rb5 45. Ne7 Kf4 46. Ng6+
Kg5 47. Nf8 Rxa5 48. Rg6+ Kh4 49. Rxg7 Ra2+ 50. Ke1 Ne3 51. Ne6 Nc2+ 52. Kf1
Ne3+ 53. Kg1 Rd2 54. Rg8 Kh5 55. Rg5+ Kh4 56. Rg8 Kh5 57. Nf4+ Kh6 58. Rg6+ Kh7
59. Rd6 Nf5 60. Rd7+ Kh6 61. Ne6 Kg6 62. Rd8 Kf6 63. d5 Ke5 64. Nc7 Kf4 65. Rf8
Kg3 66. Kf1 Ne3+ 67. Ke1 Rc2 68. d6 Ng2+ 69. Kd1 Ne3+ 70. Ke1 1/2-1/2

[Event "Baden Oos - Emsdetten"]
[Site "BL 0203"]
[Date "2002.11.17"]
[Round "4.7"]
[White "Richter, Christian"]
[Black "Schmaltz, Roland"]
[Result "1/2-1/2"]
[WhiteElo "2333"]
[BlackElo "2529"]
[PlyCount "59"]
[EventDate "2002.??.??"]

1. d4 Nf6 2. c4 e6 3. Nf3 b6 4. g3 Bb7 5. Bg2 Bb4+ 6. Bd2 a5 7. O-O O-O 8. Qc2
Be4 9. Qc1 Nc6 10. Bc3 Ne7 11. b3 Bxc3 12. Nxc3 Bb7 13. Qc2 c5 14. Rfd1 Qb8 15.
e4 cxd4 16. Nxd4 Rd8 17. Qe2 Ne8 18. Na4 Ba6 19. Nc3 Qe5 20. Rac1 Rac8 21. Qe3
Qb8 22. Rc2 Nc6 23. Ndb5 Bxb5 24. Nxb5 Na7 25. Nxa7 Qxa7 26. Rcd2 Rc5 27. Bf1
Rcc8 28. Bg2 Rc5 29. Bf1 Rcc8 30. Bg2 1/2-1/2

[Event "Baden Oos - Emsdetten"]
[Site "BL 0203"]
[Date "2002.11.17"]
[Round "4.8"]
[White "Keitlinghaus, Ludger"]
[Black "Pedersen, Daniel Vesterbaek"]
[Result "1-0"]
[WhiteElo "2500"]
[BlackElo "2344"]
[PlyCount "81"]
[EventDate "2002.??.??"]

1. e4 e5 2. Nf3 Nc6 3. Nc3 Nf6 4. Bb5 Bd6 5. a3 h6 6. d3 b6 7. Bc4 Bb7 8. h3
Na5 9. Ba2 c5 10. Ne2 Qc7 11. Ng3 Bf8 12. Bd2 d6 13. b4 Nc6 14. c3 Nd8 15. O-O
Ne6 16. Nh4 Qd7 17. Qf3 O-O-O 18. a4 d5 19. Rfd1 Kb8 20. a5 cxb4 21. axb6 axb6
22. Be3 d4 23. Bxe6 fxe6 24. cxd4 exd4 25. Bf4+ Bd6 26. Ng6 Rhe8 27. Ne5 Qe7
28. Nc4 Bxf4 29. Qxf4+ e5 30. Qd2 b5 31. Nf5 Qf8 32. Na5 Rd7 33. Nxb7 Kxb7 34.
Ra5 Qc5 35. Rc1 Qb6 36. Qxb4 Rc8 37. Rxc8 Kxc8 38. Rxb5 Qa7 39. Kh2 Kc7 40.
Rxe5 Qb6 41. Rc5+ 1-0

[Event "Stuttgart - Bremen"]
[Site "BL 0203"]
[Date "2002.11.17"]
[Round "4.2"]
[White "Buhmann, Rainer"]
[Black "Babula, Vlastimil"]
[Result "1/2-1/2"]
[WhiteElo "2527"]
[BlackElo "2590"]
[PlyCount "68"]
[EventDate "2002.??.??"]

1. d4 Nf6 2. c4 e6 3. Nf3 b6 4. a3 Ba6 5. Qc2 Bb7 6. Nc3 c5 7. e4 cxd4 8. Nxd4
Bc5 9. Nb3 Nc6 10. Bd3 h6 11. Bf4 d6 12. Qe2 O-O 13. O-O e5 14. Bd2 a5 15. Kh1
a4 16. Nxc5 bxc5 17. Rae1 Nd4 18. Qd1 Bc6 19. f4 Nd7 20. Nb5 Qb8 21. Nxd4 exd4
22. Bc1 Qb7 23. Rf2 Rfe8 24. Rfe2 Re7 25. Bc2 Rae8 26. Qd3 f5 27. exf5 Bxg2+
28. Kg1 Bf1 29. Kxf1 Qh1+ 30. Kf2 Qxh2+ 31. Kf1 Qh1+ 32. Kf2 Qh2+ 33. Kf1 Qh1+
34. Kf2 Qh2+ 1/2-1/2

[Event "Stuttgart - Bremen"]
[Site "BL 0203"]
[Date "2002.11.17"]
[Round "4.3"]
[White "Schandorff, Lars"]
[Black "Golubev, Mihail"]
[Result "1-0"]
[WhiteElo "2546"]
[BlackElo "2528"]
[PlyCount "105"]
[EventDate "2002.??.??"]

1. d4 Nf6 2. c4 g6 3. Nc3 Bg7 4. e4 d6 5. Nf3 O-O 6. Be2 e5 7. dxe5 dxe5 8.
Qxd8 Rxd8 9. Bg5 Nbd7 10. O-O-O Rf8 11. Nd2 Nc5 12. Nd5 Ncxe4 13. Nxe4 Nxe4 14.
Be3 c6 15. Ne7+ Kh8 16. Nxc8 Rfxc8 17. Rd7 f5 18. Rxb7 f4 19. Bxa7 Rd8 20. Rd1
Rxd1+ 21. Bxd1 Bf8 22. Bb8 Nd6 23. Rb6 Nxc4 24. Rxc6 Rxb8 25. Rxc4 Bb4 26. Bf3
Be1 27. Rc2 Ba5 28. Rc5 Bb6 29. Rxe5 Bxf2 30. Rd5 Be3+ 31. Kb1 Rc8 32. a4 Rc5
33. Rxc5 Bxc5 34. Kc2 Kg7 35. Kc3 Kf6 36. Kc4 Be3 37. b4 Ke5 38. Kb5 Kd4 39.
Ka6 Kc4 40. b5 Kb4 41. b6 Bd4 42. b7 Be5 43. Bd1 f3 44. Bxf3 Kxa4 45. h4 Bb8
46. Be4 Kb4 47. g4 Kc5 48. Bxg6 h6 49. g5 hxg5 50. h5 g4 51. h6 g3 52. Be4 Kd4
53. Bg2 1-0

[Event "Stuttgart - Bremen"]
[Site "BL 0203"]
[Date "2002.11.17"]
[Round "4.5"]
[White "Pelletier, Yannick"]
[Black "Schmittdiel, Eckhard"]
[Result "1-0"]
[WhiteElo "2587"]
[BlackElo "2491"]
[PlyCount "47"]
[EventDate "2002.??.??"]

1. Nf3 c5 2. c4 Nc6 3. d4 cxd4 4. Nxd4 Qb6 5. Nb3 Nf6 6. Nc3 e6 7. a3 d5 8. Be3
Qd8 9. cxd5 exd5 10. g3 Be7 11. Bg2 Be6 12. O-O O-O 13. Rc1 Re8 14. Rc2 Na5 15.
Nd4 Nc4 16. Bg5 Rc8 17. Nxe6 fxe6 18. Bxf6 Bxf6 19. Nxd5 Bxb2 20. Nf4 b5 21.
Qxd8 Rexd8 22. Bh3 Bxa3 23. Bxe6+ Kf8 24. Ra1 1-0

[Event "Stuttgart - Bremen"]
[Site "BL 0203"]
[Date "2002.11.17"]
[Round "4.6"]
[White "Duppel, Matthias"]
[Black "Gallagher, Joseph G"]
[Result "0-1"]
[WhiteElo "2440"]
[BlackElo "2540"]
[PlyCount "108"]
[EventDate "2002.??.??"]

1. d4 Nf6 2. c4 g6 3. Nc3 Bg7 4. e4 d6 5. Be2 O-O 6. Nf3 e5 7. O-O Na6 8. Re1
Qe8 9. Bf1 Bg4 10. d5 Nh5 11. h3 Bxf3 12. Qxf3 f5 13. Rb1 fxe4 14. Qxe4 Qf7 15.
Be3 Nc5 16. Qc2 a5 17. b3 Rae8 18. a3 e4 19. b4 axb4 20. axb4 Nd7 21. Nxe4 Qf5
22. Bd3 Ne5 23. Nc5 Nxd3 24. Nxd3 Nf6 25. Rbc1 g5 26. f3 b5 27. Bd4 bxc4 28.
Qxc4 Rxe1+ 29. Nxe1 Re8 30. Bxf6 Bxf6 31. Nd3 Re3 32. Nf2 Re7 33. Ne4 Be5 34.
Rd1 Qf4 35. Qc1 Bd4+ 36. Kh1 Be3 37. Qc3 Kf7 38. Qh8 Qf5 39. Re1 Bb6 40. Qc3 h5
41. Qd2 Kg6 42. Rd1 Re5 43. Qd3 g4 44. hxg4 hxg4 45. Ng3 Qxd3 46. Rxd3 Re1+ 47.
Kh2 Bg1+ 48. Kh1 Kg5 49. b5 Be3+ 50. Kh2 Bg1+ 51. Kh1 Bd4+ 52. Kh2 Be5 53. Rb3
Kh4 54. fxg4 Kxg4 0-1

[Event "Stuttgart - Bremen"]
[Site "BL 0203"]
[Date "2002.11.17"]
[Round "4.7"]
[White "Joachim, Sven"]
[Black "Heinatz, Thomas"]
[Result "1/2-1/2"]
[WhiteElo "2471"]
[BlackElo "2315"]
[PlyCount "119"]
[EventDate "2002.??.??"]

1. e4 c5 2. Nf3 g6 3. d4 Bg7 4. dxc5 Qa5+ 5. c3 Qxc5 6. Na3 Qa5 7. Qb3 Nc6 8.
Bf4 Nf6 9. Nc4 Qd8 10. e5 Ne4 11. Qc2 Nc5 12. Be2 O-O 13. O-O b5 14. Ne3 Ne6
15. Bg3 b4 16. Rfd1 bxc3 17. Qxc3 Bb7 18. Rac1 a5 19. Nd5 Rb8 20. Qe3 Ba8 21.
b3 Nb4 22. Nxb4 axb4 23. Rc4 Qa5 24. Rxd7 Qxa2 25. Ra7 Qb1+ 26. Rc1 Qe4 27.
Qxe4 Bxe4 28. Rxe7 Bd5 29. Bd1 Bh6 30. Ra1 Rfd8 31. h3 Rbc8 32. Kh2 Rc3 33.
Rea7 Nc5 34. Bh4 Re8 35. Be7 Bf8 36. Bxf8 Kxf8 37. Rc7 Bxf3 38. Bxf3 Rxe5 39.
Raa7 Rf5 40. Bd5 Rxd5 41. Rxf7+ Kg8 42. Rg7+ Kh8 43. Rxh7+ Kg8 44. Rhg7+ Kh8
45. Rh7+ Kg8 46. Rag7+ Kf8 47. Rc7 Kg8 48. Rhg7+ Kh8 49. Rh7+ Kg8 50. Rhg7+ Kh8
51. Rge7 Rd8 52. Rh7+ Kg8 53. Rcg7+ Kf8 54. Rf7+ Kg8 55. Rfg7+ Kf8 56. Ra7 Kg8
57. Rhg7+ Kh8 58. Rh7+ Kg8 59. Rhg7+ Kh8 60. Rh7+ 1/2-1/2

[Event "Stuttgart - Bremen"]
[Site "BL 0203"]
[Date "2002.11.17"]
[Round "4.8"]
[White "Migl, Dieter"]
[Black "Meins, Gerlef"]
[Result "0-1"]
[WhiteElo "2265"]
[BlackElo "2436"]
[PlyCount "56"]
[EventDate "2002.??.??"]

1. e4 c5 2. Nf3 Nc6 3. d4 cxd4 4. Nxd4 Nf6 5. Nc3 d6 6. g3 g6 7. Bg2 Bd7 8.
Nde2 Bg7 9. O-O O-O 10. h3 a6 11. a4 Rb8 12. Bg5 b5 13. axb5 axb5 14. Nd5 Nxd5
15. exd5 Ne5 16. Nd4 h6 17. Bf4 Qb6 18. b3 Bxh3 19. Be3 Bxg2 20. Kxg2 Qb7 21.
Ne2 Ng4 22. Ra2 Nxe3+ 23. fxe3 Ra8 24. Rxa8 Rxa8 25. Qd3 b4 26. Rf2 e6 27. e4
exd5 28. exd5 Ra5 0-1

[Event "Stuttgart - Tegernsee"]
[Site "BL 0203"]
[Date "2002.12.14"]
[Round "5.1"]
[White "Khenkin, Igor"]
[Black "Buhmann, Rainer"]
[Result "1-0"]
[WhiteElo "2603"]
[BlackElo "2527"]
[PlyCount "81"]
[EventDate "2002.??.??"]

1. d4 e6 2. Nf3 Nf6 3. c4 d5 4. Nc3 Nbd7 5. cxd5 exd5 6. Bg5 Bb4 7. Qc2 O-O 8.
e3 c5 9. Be2 Qa5 10. O-O Bxc3 11. bxc3 Re8 12. Nd2 Ne4 13. Nxe4 dxe4 14. d5 Qb6
15. Rfd1 Qg6 16. Bf4 Ne5 17. d6 Bf5 18. Bb5 Bd7 19. Rab1 Bxb5 20. Rxb5 b6 21.
Bxe5 Rxe5 22. Qa4 Ree8 23. Rb2 Qe6 24. d7 Red8 25. Rbd2 Qe5 26. Rd5 Qe6 27. Rd6
Qe5 28. R6d5 Qe6 29. Rd6 Qe5 30. c4 g6 31. Qc6 Rab8 32. h4 a6 33. a4 Kg7 34. h5
Qxh5 35. Qxe4 Qf5 36. Qe7 Qg4 37. e4 h6 38. e5 Qxc4 39. Qf6+ Kh7 40. e6 fxe6
41. Rxe6 1-0

[Event "Stuttgart - Tegernsee"]
[Site "BL 0203"]
[Date "2002.12.14"]
[Round "5.2"]
[White "Golubev, Mihail"]
[Black "Sokolov, Andrei"]
[Result "0-1"]
[WhiteElo "2528"]
[BlackElo "2587"]
[PlyCount "82"]
[EventDate "2002.??.??"]

1. e4 c5 2. Nf3 e6 3. d4 cxd4 4. Nxd4 Nf6 5. Nc3 d6 6. Bc4 Be7 7. a3 Nc6 8. O-O
O-O 9. Be3 Bd7 10. Ba2 Ne5 11. f3 a6 12. Qe2 Rc8 13. Rad1 Qc7 14. Kh1 Nc4 15.
Bxc4 Qxc4 16. Qe1 Qc7 17. f4 b5 18. Qg3 Kh8 19. Rd3 Bc6 20. Nxc6 Qxc6 21. Bd4
a5 22. e5 dxe5 23. fxe5 Ne4 24. Qe1 Nxc3 25. Rxc3 Qd7 26. Rxc8 Rxc8 27. Rxf7
Kg8 28. Qf2 Rxc2 29. Qxc2 Kxf7 30. Bb6 a4 31. h3 Qd5 32. Qc7 Qc4 33. Ba5 Qxc7
34. Bxc7 Ke8 35. Ba5 Kd7 36. g4 Kc6 37. Kg2 Kd5 38. Kf3 Bc5 39. Bd2 Bd4 40. Bc1
Bxe5 41. Ke3 Kc4 0-1

[Event "Stuttgart - Tegernsee"]
[Site "BL 0203"]
[Date "2002.12.14"]
[Round "5.3"]
[White "Beim, Valery"]
[Black "Jenni, Florian"]
[Result "0-1"]
[WhiteElo "2555"]
[BlackElo "2483"]
[PlyCount "136"]
[EventDate "2002.??.??"]

1. g3 e5 2. d3 d5 3. Nf3 Nc6 4. Bg2 Be6 5. a3 Qd7 6. b4 f6 7. Nbd2 Bh3 8. O-O
h5 9. e4 d4 10. Ne1 h4 11. Bxh3 Qxh3 12. g4 g6 13. Kh1 f5 14. Rg1 Bh6 15. gxf5
Bxd2 16. Bxd2 gxf5 17. b5 Nce7 18. Qf3 Qxf3+ 19. Nxf3 fxe4 20. dxe4 Nf6 21.
Rae1 Nd7 22. Rg5 a6 23. b6 O-O-O 24. Nxe5 Nxe5 25. Rxe5 Nc6 26. Rg5 cxb6 27.
Kg2 d3 28. Rc1 h3+ 29. Kf1 Rhe8 30. Rg3 dxc2 31. Rxc2 Rxe4 32. Rxh3 Kb8 33. Be3
b5 34. Rh7 Rd3 35. h4 Rxa3 36. h5 Ra1+ 37. Kg2 Rg4+ 38. Kf3 Ne5+ 39. Ke2 Nc4
40. Rh8+ Kc7 41. h6 Rh1 42. Rf8 Re4 43. Kf3 Rxe3+ 44. fxe3 Rxh6 45. e4 Rc6 46.
Rf7+ Kb6 47. Ke2 Re6 48. Rf4 Kc5 49. Rc1 b4 50. Rf5+ Kd4 51. Rd5+ Kxe4 52. Rcd1
Kf4+ 53. Kf2 b5 54. Rh5 Rd6 55. Rh4+ Ke5 56. Rb1 Rf6+ 57. Ke2 a5 58. Rh5+ Rf5
59. Rbh1 Rxh5 60. Rxh5+ Kd4 61. Rxb5 Kc3 62. Kd1 b3 63. Rc5 a4 64. Kc1 a3 65.
Kb1 Kb4 66. Rc8 Nd2+ 67. Kc1 b2+ 68. Kxd2 a2 0-1

[Event "Stuttgart - Tegernsee"]
[Site "BL 0203"]
[Date "2002.12.14"]
[Round "5.4"]
[White "Schmittdiel, Eckhard"]
[Black "Boensch, Uwe"]
[Result "0-1"]
[WhiteElo "2491"]
[BlackElo "2540"]
[PlyCount "68"]
[EventDate "2002.??.??"]

1. e4 c5 2. c3 d5 3. exd5 Qxd5 4. d4 Nf6 5. Nf3 Bg4 6. Be2 e6 7. h3 Bh5 8. O-O
cxd4 9. cxd4 Nc6 10. Nc3 Qd6 11. Be3 Be7 12. a3 O-O 13. Qa4 Nd5 14. Ne4 Qc7 15.
Rac1 Rad8 16. Nc5 Nf4 17. Bd1 Bxc5 18. Rxc5 Rd5 19. b4 a6 20. Qc2 Rxc5 21. dxc5
Rd8 22. Qc1 Nd3 23. Qa1 Rd5 24. Nd2 Qd8 25. g4 Bg6 26. Bf3 Nd4 27. Bxd4 Rxd4
28. Nb3 Rd7 29. Bg2 h5 30. f4 hxg4 31. hxg4 Nxf4 32. Qe5 Nxg2 33. Kxg2 Rd5 34.
Qf4 e5 0-1

[Event "Stuttgart - Tegernsee"]
[Site "BL 0203"]
[Date "2002.12.14"]
[Round "5.5"]
[White "Teske, Henrik"]
[Black "Zeller, Frank"]
[Result "1/2-1/2"]
[WhiteElo "2527"]
[BlackElo "2454"]
[PlyCount "76"]
[EventDate "2002.??.??"]

1. d4 Nf6 2. Bg5 e6 3. Nc3 h6 4. Bxf6 Qxf6 5. g3 d5 6. e4 c6 7. Bg2 Nd7 8. Nge2
g6 9. O-O Bg7 10. Qd2 b6 11. b4 a6 12. a4 O-O 13. b5 axb5 14. axb5 Rxa1 15.
Rxa1 c5 16. exd5 cxd4 17. Ne4 Qe5 18. f4 Qc7 19. dxe6 fxe6 20. Nxd4 Nc5 21. Rd1
e5 22. Nxc5 Qxc5 23. fxe5 Qxe5 24. c3 Re8 25. Bc6 Rd8 26. Re1 Qc5 27. Kh1 Bd7
28. Bxd7 Rxd7 29. Qd3 Kh7 30. Re6 Qd5+ 31. Qe4 Bxd4 32. cxd4 Qxe4+ 33. Rxe4 Rd5
34. Re7+ Kg8 35. Re6 Rxb5 36. Rxg6+ Kh7 37. Rc6 Rb2 38. d5 Rd2 1/2-1/2

[Event "Stuttgart - Tegernsee"]
[Site "BL 0203"]
[Date "2002.12.14"]
[Round "5.6"]
[White "Duppel, Matthias"]
[Black "Hertneck, Gerald"]
[Result "1/2-1/2"]
[WhiteElo "2440"]
[BlackElo "2502"]
[PlyCount "98"]
[EventDate "2002.??.??"]

1. e4 e6 2. d4 d5 3. Nc3 Nf6 4. e5 Nfd7 5. f4 c5 6. Nf3 Nc6 7. Be3 cxd4 8. Nxd4
Bc5 9. Qd2 O-O 10. O-O-O a6 11. Kb1 Bxd4 12. Bxd4 Nxd4 13. Qxd4 b5 14. Bd3 Rb8
15. Qe3 Qb6 16. Qh3 g6 17. Qh6 b4 18. Ne2 Nc5 19. h4 a5 20. Ng3 Rb7 21. Nh5 f5
22. Nf6+ Rxf6 23. exf6 Na4 24. Ka1 Qd4 25. Rb1 Qxf6 26. Qg5 Qxg5 27. hxg5 Bd7
28. Rbe1 Nc5 29. Rh3 Bc6 30. c3 b3 31. a3 Bb5 32. Bxb5 Rxb5 33. c4 Rb7 34. cxd5
exd5 35. Re8+ Kg7 36. Rd8 Ne6 37. Rd6 Nxf4 38. Rf3 Nxg2 39. Rxd5 Ne1 40. Rc3 f4
41. Re5 Nc2+ 42. Kb1 Ne3 43. Rec5 h5 44. Kc1 f3 45. Rxe3 f2 46. Rf3 Rf7 47.
Rxf7+ Kxf7 48. Rc7+ Ke8 49. Rc8+ Ke7 1/2-1/2

[Event "Stuttgart - Tegernsee"]
[Site "BL 0203"]
[Date "2002.12.14"]
[Round "5.7"]
[White "Stangl, Markus"]
[Black "Bunzmann, Dimitri"]
[Result "1/2-1/2"]
[WhiteElo "2494"]
[BlackElo "2498"]
[PlyCount "40"]
[EventDate "2002.??.??"]

1. Nf3 Nf6 2. c4 e6 3. g3 b6 4. Bg2 Bb7 5. O-O Be7 6. Nc3 O-O 7. d4 Ne4 8. Nxe4
Bxe4 9. Bf4 d6 10. Rc1 Nd7 11. Qd2 h6 12. Rfd1 f5 13. Ne1 Bxg2 14. Nxg2 Qe8 15.
Qc2 Qh5 16. c5 Nf6 17. cxd6 cxd6 18. Qc7 Nd5 19. Qd7 Qf7 20. Bd2 Rfd8 1/2-1/2

[Event "Stuttgart - Tegernsee"]
[Site "BL 0203"]
[Date "2002.12.14"]
[Round "5.8"]
[White "Heinatz, Thomas"]
[Black "Kachiani-Gersinska, K."]
[Result "1-0"]
[WhiteElo "2315"]
[BlackElo "2439"]
[PlyCount "80"]
[EventDate "2002.??.??"]

1. e4 c6 2. c4 d5 3. exd5 cxd5 4. cxd5 Nf6 5. Bb5+ Nbd7 6. Nc3 g6 7. Nf3 Bg7 8.
d6 O-O 9. dxe7 Qxe7+ 10. Be2 b5 11. a3 Bb7 12. O-O a6 13. d4 Rfe8 14. Bf4 Nh5
15. Bg5 Qd6 16. Qd2 Nb6 17. Rad1 Rac8 18. Rfe1 Nd5 19. Nxd5 Bxd5 20. Be3 Nf6
21. Bf4 Qb6 22. Rc1 Ne4 23. Rxc8 Rxc8 24. Qe3 Nd6 25. Be5 Nf5 26. Qd2 Bxf3 27.
Bxf3 Nxd4 28. Bxd4 Qxd4 29. Qxd4 Bxd4 30. Bb7 Rc2 31. Rd1 Bxf2+ 32. Kf1 Rxb2
33. Bxa6 Bb6 34. Bb7 Bc5 35. Rd3 Kg7 36. Bc6 h5 37. Bd5 f5 38. h3 g5 39. Be6
Kf6 40. Rd5 Bxa3 {Zeit} 1-0

[Event "Baden Oos - Forchheim"]
[Site "BL 0203"]
[Date "2002.12.14"]
[Round "5.3"]
[White "Jirovsky, Milos"]
[Black "Dautov, Rustem"]
[Result "1-0"]
[WhiteElo "2457"]
[BlackElo "2617"]
[PlyCount "143"]
[EventDate "2002.??.??"]

1. Nf3 Nf6 2. d4 e6 3. e3 b6 4. Bd3 d5 5. O-O Bd6 6. b3 O-O 7. Bb2 Bb7 8. Nbd2
Ne4 9. Qe2 Nd7 10. Rfd1 f5 11. Ne5 Bxe5 12. dxe5 Nec5 13. f4 Nxd3 14. cxd3 c5
15. Qh5 a5 16. Nf3 Qe8 17. Qxe8 Rfxe8 18. Bc3 b5 19. a3 Rec8 20. d4 b4 21. Be1
c4 22. axb4 axb4 23. Bxb4 h6 24. Nd2 cxb3 25. Nxb3 Kf7 26. Rxa8 Rxa8 27. Na5
Ba6 28. Rc1 Rc8 29. Rc6 Rxc6 30. Nxc6 Ke8 31. Ba5 Bc8 32. Bc7 Nf8 33. Na5 Ba6
34. Nb3 Nd7 35. Kf2 Bc4 36. Na5 Ba6 37. Ke1 Nf8 38. Kd2 Ng6 39. g3 Nf8 40. Kc3
Nd7 41. Kb4 Ke7 42. Nc6+ Ke8 43. Na7 Be2 44. Nc8 Bf1 45. Ka5 Be2 46. Nd6+ Ke7
47. Nb7 Ke8 48. Bd6 Bf1 49. Nc5 Nxc5 50. dxc5 d4 51. exd4 Bg2 52. Kb6 Kd7 53.
Bf8 h5 54. Bxg7 Bd5 55. Bh6 Bg2 56. Bg5 Bd5 57. h3 Be4 58. Bh4 Bd5 59. g4 hxg4
60. hxg4 fxg4 61. f5 exf5 62. Bg3 Ke6 63. c6 Be4 64. Kc5 Bd5 65. c7 Bb7 66. d5+
Kd7 67. e6+ Ke7 68. Bh4+ Ke8 69. d6 Bc8 70. d7+ Bxd7 71. exd7+ Kxd7 72. Bg3 1-0

[Event "Baden Oos - Forchheim"]
[Site "BL 0203"]
[Date "2002.12.14"]
[Round "5.5"]
[White "Bartsch, Berthold"]
[Black "Doettling, Fabian"]
[Result "1/2-1/2"]
[WhiteElo "2320"]
[BlackElo "2539"]
[PlyCount "64"]
[EventDate "2002.??.??"]

1. Nc3 d5 2. e4 c6 3. d4 dxe4 4. Nxe4 Bf5 5. Ng3 Bg6 6. N1e2 e6 7. Nf4 Bd6 8.
Ngh5 Kf8 9. Be2 Nf6 10. Nxg6+ hxg6 11. Nxf6 Qxf6 12. Be3 Nd7 13. Qd2 Qe7 14.
O-O-O Nf6 15. g3 Qc7 16. Bf3 Nd5 17. Kb1 b5 18. h4 Rb8 19. Qd3 b4 20. Bxd5 cxd5
21. Rh3 Rc8 22. Rdh1 Qc4 23. h5 Qxd3 24. cxd3 Rxh5 25. Rxh5 gxh5 26. Rxh5 Kg8
27. Rh1 a5 28. Rc1 Rxc1+ 29. Kxc1 a4 30. Kc2 Kh7 31. b3 a3 32. Kd1 f6 1/2-1/2